| 000 | 00000nam##2200000za#4500 |
| 001 | 9.646241 |
| 003 | CaOODSP |
| 005 | 20200330132328 |
| 007 | ta |
| 008 | 150407|1996||||xxc||||| f|0| 0 eng|d |
| 020 | |a0-662-24679-9 |
| 040 | |aCaOODSP|beng |
| 043 | |an-cn--- |
| 086 | 1 |aF2-109/1996E |
| 110 | 1 |aCanada. |bDepartment of Finance. |
| 245 | 10|aTowards replacing the Goods and Services Tax |
| 260 | |aOttawa - Ontario : |bFinance Canada |c1996. |
| 300 | |a95p. ; |c25 cm. |
| 563 | |aSoftcover |
| 590 | |a96-22|b1996-05-31 |
| 775 | 08|tVers le remplacement de la taxe sur les produits et services |w(CaOODSP)9.679809 |
| 776 | 0#|tTowards replacing the Goods and Services Tax |w(CaOODSP)9.696407 |